Environmental law / (Record no. 21993)
[ view plain ]
| 000 -LEADER | |
|---|---|
| fixed length control field | 01185cam a22003015a 4500 |
| 001 - CONTROL NUMBER | |
| control field | 016077031 |
| 003 - CONTROL NUMBER IDENTIFIER | |
| control field | OSt |
| 005 - DATE AND TIME OF LATEST TRANSACTION | |
| control field | 20160721110746.0 |
| 008 - FIXED-LENGTH DATA ELEMENTS--GENERAL INFORMATION | |
| fixed length control field | 120423s2013 enka frbd 001 0 eng d |
| 020 ## - INTERNATIONAL STANDARD BOOK NUMBER | |
| International Standard Book Number | 9781408266564 (pbk.) |
| 020 ## - INTERNATIONAL STANDARD BOOK NUMBER | |
| International Standard Book Number | 1408266563 (pbk.) |
| 040 ## - CATALOGING SOURCE | |
| Original cataloging agency | StDuBDS |
| Language of cataloging | eng |
| Transcribing agency | StDuBDS |
| Modifying agency | Uk |
| -- | EG-ScBUE |
| 082 04 - DEWEY DECIMAL CLASSIFICATION NUMBER | |
| Classification number | 344.046 |
| Edition number | 22 |
| Item number | SNE |
| 100 1# - MAIN ENTRY--PERSONAL NAME | |
| Personal name | Sneddon, Simon. |
| 9 (RLIN) | 40371 |
| 245 10 - TITLE STATEMENT | |
| Title | Environmental law / |
| Statement of responsibility, etc | Simon Sneddon. |
| 260 ## - PUBLICATION, DISTRIBUTION, ETC. (IMPRINT) | |
| Place of publication, distribution, etc | Harlow : |
| Name of publisher, distributor, etc | Pearson, |
| Date of publication, distribution, etc | 2013. |
| 300 ## - PHYSICAL DESCRIPTION | |
| Extent | xxii, 183 p. : |
| Other physical details | ill. ; |
| Dimensions | 21 cm. |
| 490 0# - Series Statement | |
| Series statement | Law express. |
| 500 ## - GENERAL NOTE | |
| General note | Glossary : p. 175-178. |
| 500 ## - GENERAL NOTE | |
| General note | Index : p. 179-183. |
| 504 ## - BIBLIOGRAPHY, ETC. NOTE | |
| Bibliography, etc | Includes bibliographical references. |
| 505 0# - FORMATTED CONTENTS NOTE | |
| Formatted contents note | Introduction to environmental law -- Definitions of environmental law -- Sources and concepts of environmental law -- Enforcement of environmental law -- Planning law -- Environmental permitting -- Air pollution -- Water pollution -- Waste management and contaminated land -- Nature conservation and landscape management. |
| 650 #7 - SUBJECT ADDED ENTRY--TOPICAL TERM | |
| Topical term or geographic name as entry element | Environmental law. |
| Source of heading or term | BUEsh |
| 9 (RLIN) | 40372 |
| 650 #7 - SUBJECT ADDED ENTRY--TOPICAL TERM | |
| Topical term or geographic name as entry element | Environmental protection. |
| Source of heading or term | BUEsh |
| 9 (RLIN) | 6715 |
| 651 ## - SUBJECT ADDED ENTRY--GEOGRAPHIC NAME | |
| Source of heading or term | BUEsh |
| 653 ## - INDEX TERM--UNCONTROLLED | |
| Resource For college | Law |
| Arrived date list | July2016 |
| 942 ## - ADDED ENTRY ELEMENTS (KOHA) | |
| Source of classification or shelving scheme | Dewey Decimal Classification |
| Withdrawn status | Item status | Source of classification or shelving scheme | Damaged status | Not for loan | Vendor | Home library | Current library | Shelving location | Date acquired | Source of acquisition | Cost, normal purchase price | Serial Enumeration / chronology | Total Checkouts | Total Renewals | Full call number | Barcode | Date last seen | Date last borrowed | Cost, replacement price | Koha item type |
|---|---|---|---|---|---|---|---|---|---|---|---|---|---|---|---|---|---|---|---|---|
| Dewey Decimal Classification | Baccah | Central Library | Central Library | First floor | 21/07/2016 | Purchase | 340.00 | 26080 | 1 | 65 | 344.046 SNE | 000032966 | 15/07/2025 | 04/10/2023 | 425.00 | Book - Borrowing |